000 00456nam a22001697a 4500
005 20260415121459.0
008 260415b |||||||| |||| 00| 0 eng d
020 _a978-93-5270-034-9
050 _aHV 68.D57 2014
100 _aRAHIM ASMA
245 _aPRINCIPLES AND PRACTICE OF COMMUNITY MEDICINE
250 _a2nd
260 _aNEW DELHI
_bTHE HEALTH SCIENCE PUBLISHER
_c2017
300 _aX,758
650 _aCommunity medicine
942 _2lcc
_cBK
999 _c216974
_d216974